00858nam a2200241 a 450000100100000000500170001000800410002704000250006808200200009310000380011324500420015126000460019330000200023949000130025950000660027259000260033865000280036465000310039283000200042391000380044395201180048199900170059900001754120240412074247.0100326s1986 dr r 000 p spa d aDO-SdBNPbspacBNPHU aRD861.44bM492o1 aMedrano, Marianela,d1964-93828910aOficio de vivir /cMarianela Medrano. aSanto Domingo :bImpresora Isabel,c1986. a14 p. ;c15 cm.1 aSeparata aIncluye datos biográficos de la autora en la contracubierta aInventariado, 2018/BT 0aPoesía dominicana966 0aLiteratura dominicana.967 0aSeparata938290 aValidado. Control de calidad. MFF 0010718PDaPDbPDcHDd2010-03-26iLF1l0oRD861.44 M492op17541-10r2020-06-25w2020-06-25yLFPDZNo se presta c17066d17066